Programación lineal: Métodos y aplicaciones

Salvato in:
Dettagli Bibliografici
Autore principale: Gass, Saul I
Natura: Libro
Lingua:Spanish
Pubblicazione: México : Continental, 1969
Soggetti:
Tags: Aggiungi Tag
Nessun Tag, puoi essere il primo ad aggiungerne!!

MARC

LEADER 00000nam a2200000Ia 4500
003 003395
005 20221231144008.0
008 140114s1969 mx a 000 ||spa d
040 |c cru CEDI 
082 |a 519.92 G251p 
100 |a Gass, Saul I  |9 21899 
245 |a Programación lineal:  |b Métodos y aplicaciones 
260 |a  México : Continental,   |c 1969 
300 |a 431 páginas : ilustraciones 
500 |a  Titulo original: Linear programming. 
650 |x PROGRAMACION LINEAL  |9 21900 
942 |2 ddc  |c BK 
999 |c 15360  |d 15360